000 00535nam a2200181Ia 4500
999 _c30948
_d30948
003 OSt
005 20200810093536.0
008 190216s9999||||xx |||||||||||||| ||und||
020 _a007990352
040 _coclc
082 _a512.9434076
_bAYR/T
100 _a Ayres, Frank
_93893
245 0 _aTheory And Problems Of Matrices /
_cFrank Ayres
260 _bMcgraw -hill Book Company,
_c1983.
_aNew York:
300 _a219p
650 _aMathematics
942 _cBK
_2ddc
_h512.9434076
_iAYR/T
_k512.9434076
_mAYR/T